[Event "Tata Steel Top Tienkamp"]
[Site "Wijk aan Zee NED"]
[Date "2025.02.02"]
[Round "9.4"]
[White "Tudor, Henry Edward"]
[Black "Sofronie, Iulian"]
[Result "1/2-1/2"]
[WhiteTitle "FM"]
[BlackTitle "IM"]
[WhiteElo "2375"]
[BlackElo "2380"]
[WhiteFideId "2409836"]
[BlackFideId "1202936"]
[EventDate "2025.01.24"]

1. d4 Nf6 2. c4 c5 3. d5 e6 4. Nc3 exd5 5. cxd5 d6 6. e4 g6 7. f4 Bg7 8. Bb5+
Nfd7 9. Nf3 O-O 10. O-O a6 11. Bxd7 Nxd7 12. a4 Rb8 13. a5 b5 14. axb6 Rxb6 15.
Re1 Re8 16. Qc2 Rb4 17. Bd2 Nb6 18. Nd1 Rb5 19. Nc3 Rb4 20. Nd1 Rb5 21. Bc3 Bxc3
22. bxc3 Qf6 23. Nf2 h5 24. Qc1 Qd8 25. e5 Bf5 26. Rxa6 Rb1 27. Qd2 Rxe1+ 28.
Qxe1 Nxd5 29. Qd2 dxe5 30. fxe5 Nc7 31. Rd6 Qe7 32. h3 Rb8 33. Qe3 Ne6 34. Ne4
Bxe4 35. Qxe4 Rd8 36. Qd5 Kg7 37. Kh2 Rb8 38. Rd7 Rd8 39. Rd6 Rb8 40. Qd2 Rb7
41. h4 Ra7 42. Kg3 Ra4 43. Rd7 Qe8 44. Qd6 Rf4 45. Ng5 Rg4+ 46. Kh2 Rxh4+ 47.
Kg1 Nxg5 48. Rd8 Qxd8 49. Qxd8 Rg4 50. Qf6+ Kg8 51. Qd8+ Kg7 52. Qf6+ Kg8 53.
Qd8+ Kg7 1/2-1/2

[Event "Tata Steel Top Tienkamp"]
[Site "Wijk aan Zee NED"]
[Date "2025.02.02"]
[Round "9.5"]
[White "Holzke, Frank"]
[Black "Panesar, Vedant"]
[Result "1/2-1/2"]
[WhiteTitle "GM"]
[BlackTitle "FM"]
[WhiteElo "2426"]
[BlackElo "2446"]
[WhiteFideId "4600428"]
[BlackFideId "35033018"]
[EventDate "2025.01.24"]

1. e4 c5 2. Nf3 d6 3. d4 cxd4 4. Nxd4 Nf6 5. Nc3 g6 6. Be3 Nc6 7. f3 h5 8. Be2
Bg7 9. O-O Bd7 10. Qd2 Rc8 11. Rae1 a6 12. Nxc6 Bxc6 13. Nd5 Nd7 14. c3 O-O 15.
Bg5 Re8 16. Bh4 Bxd5 17. exd5 Qa5 18. a3 Nf6 19. Bxf6 Bxf6 20. f4 Qb6+ 21. Kh1
h4 22. g4 hxg3 23. hxg3 Kg7 24. Kg2 Rh8 25. Rh1 Rxh1 26. Rxh1 Rh8 27. Rxh8 Kxh8
28. g4 Kg8 29. g5 Bg7 30. Bc4 Qc5 31. Qe2 Kf8 32. Ba2 Qb6 33. Kf1 Qc7 34. Kg2
Qd7 35. Bb1 Kg8 36. Be4 Kf8 37. Bb1 Qa4 38. Be4 Qb3 39. Qc2 Qc4 40. Qd3 Qb3 41.
Qc2 Qb5 42. Qd2 Ke8 43. Qc2 Kd8 44. Qd2 Qc4 45. Qd3 Qb3 46. Qc2 Qb5 47. Qd2 Qc4 1/2-1/2